[Event "Manizales zt U14 integr Centro (Women)"]
[Site "Manizales"]
[Date "2014.05.18"]
[Round "6.5"]
[White "Rodas Jaramillo, Nathaly"]
[Black "Osorio Serna, Ingrid Tatiana"]
[Result "1-0"]
[WhiteElo "1323"]
[BlackElo "1500"]
[PlyCount "101"]
[EventDate "2014.05.15"]
[EventType "swiss"]
[EventRounds "6"]
[EventCountry "COL"]
[SourceTitle "EXT 2024"]
[Source "ChessBase"]
[SourceDate "2023.10.10"]
[SourceVersion "1"]
[SourceVersionDate "2023.10.10"]
[SourceQuality "1"]

1. e4 e5 2. Nf3 Nc6 3. Nc3 Bc5 4. b3 Nf6 5. Bc4 d6 6. a3 Bg4 7. Nd5 Nd4 8. c3 Nxf3+ 9. gxf3 Be6 10. b4 Bb6 11. Nxb6 axb6 12. Bxe6 fxe6 13. d4 0-0 14. dxe5 dxe5 15. Qxd8 Raxd8 16. Rg1 Rd3 17. Bd2 Rxf3 18. Bh6 Rf7 19. 0-0-0 Rd7 20. Rxd7 Nxd7 21. Rxg7+ Kf8 22. Rxd7+ Ke8 23. Rxc7 Rxf2 24. Rxb7 Rxh2 25. Rxh7 Rh1+ 26. Kc2 Rh2+ 27. Kb3 Rh4 28. c4 Rxe4 29. c5 bxc5 30. bxc5 Rd4 31. Be3 Rd3+ 32. Kc4 Rxe3 33. Kb5 Rxa3 34. Kb6 Rb3+ 35. Kc6 e4 36. Kd6 Kf8 37. Kxe6 Kg8 38. Re7 Rg3 39. Kf6 e3 40. c6 Rf3+ 41. Kg6 Kf8 42. Re4 Rg3+ 43. Kf5 Rg7 44. Rxe3 Rf7+ 45. Ke4 Re7+ 46. Kd4 Ke8 47. Rxe7+ Kxe7 48. Kc5 Kd8 49. Kd6 Kc8 50. c7 Kb7 51. Kd7 1-0

[Event "Manizales zt U14 integr Centro (Women)"]
[Site "Manizales"]
[Date "2014.05.17"]
[Round "4.4"]
[White "Osorio Serna, Ingrid Tatiana"]
[Black "Bernal Parra, Liz Gabriela"]
[Result "1-0"]
[WhiteElo "1500"]
[BlackElo "1462"]
[PlyCount "39"]
[EventDate "2014.05.15"]
[EventType "swiss"]
[EventRounds "6"]
[EventCountry "COL"]
[SourceTitle "EXT 2024"]
[Source "ChessBase"]
[SourceDate "2023.10.10"]
[SourceVersion "1"]
[SourceVersionDate "2023.10.10"]
[SourceQuality "1"]

1. e4 c5 2. Nf3 Nc6 3. d4 cxd4 4. Nxd4 Nf6 5. Nc3 g6 6. Bc4 Bg7 7. Be3 0-0 8. f3 d6 9. Qd2 Qb6 10. Bb3 Ng4 11. fxg4 Bxg4 12. Ne6 Qa5 13. Nxf8 Rxf8 14. h3 Be6 15. Bxe6 fxe6 16. 0-0-0 Rd8 17. Bh6 Bh8 18. Rhf1 Ne5 19. Qf2 Nd7 20. Qf7# 1-0

[Event "Manizales zt U14 integr Centro (Women)"]
[Site "Manizales"]
[Date "2014.05.16"]
[Round "3.2"]
[White "Arcila, Sofia"]
[Black "Osorio Serna, Ingrid Tatiana"]
[Result "1-0"]
[WhiteElo "1520"]
[BlackElo "1500"]
[PlyCount "21"]
[EventDate "2014.05.15"]
[EventType "swiss"]
[EventRounds "6"]
[EventCountry "COL"]
[SourceTitle "EXT 2024"]
[Source "ChessBase"]
[SourceDate "2023.10.10"]
[SourceVersion "1"]
[SourceVersionDate "2023.10.10"]
[SourceQuality "1"]

1. e4 e5 2. Nf3 Nc6 3. Bb5 Nf6 4. 0-0 Nxe4 5. d4 d6 6. d5 a6 7. Ba4 b5 8. Bxb5 axb5 9. dxc6 Bg4 10. Qd3 Nf6 11. Qxb5 1-0